| 000 | 01084nam a22002057a 4500 | ||
|---|---|---|---|
| 003 | JO-AjAnu | ||
| 005 | 20240921094858.0 | ||
| 008 | 240918b jo ||||| |||| 00| 0 ara d | ||
| 040 |
_aJO-AjAnu _bara _cJO-AjAnu _erda |
||
| 041 |
_aara _hara |
||
| 050 |
_aHD57.7 _b2024 |
||
| 100 | 1 |
_aالقضاة، هشام فواز حسين _eمعد _966239 |
|
| 245 | 0 |
_aدور القيادة الاحترافية في تعزيز قدرات العاملين في الجامعات الخاصة الاردنية = The Role of Professional Leadership in Enhancing Employees Capabilities at Jordanian Private Universities / _cاعداد هشام فواز حسين القضاة ؛ اشراف هشام علي شطناوي |
|
| 260 | _c2024 | ||
| 300 | _a108 ورقة | ||
| 504 | _aرسالة جامعية(رسالة ماجستير في ادارة الاعمال)(جامعة عجلون الوطنية) عجلون،الاردن، كلية الاعمال، 2024. | ||
| 650 | 7 | 0 |
_aالقيادة الادارية _966240 |
| 700 | 1 |
_aشطناوي،هشام علي _964865 _eمشرف |
|
| 942 |
_2lcc _cTHS _n0 |
||
| 999 |
_c33701 _d33701 |
||